Rappers by Last Name - Statistics

General Stats
  • This quiz has been taken 15 times
  • The average score is 26 of 83
Answer Stats
Rapper First and Middle Name Last Initial Last Name % Correct
Lil Wayne Dwayne Michael C Carter
88%
Playboi Carti Jordan Terrell C Carter
88%
Jay-Z Shawn Corey C Carter
88%
J. Cole Jermaine Lamarr C Cole
88%
Diddy Sean John C Combs
88%
Denzel Curry Denzel Ray Don C Curry
88%
Pop Smoke Bashar Barakah J Jackson
88%
50 Cent Curtis James J Jackson
88%
Ice Cube O'Shea J Jackson
88%
Eminem Marshall Bruce M Mathers
88%
Lil Baby Dominique Armani J Jones
75%
Lil Kim Kimberly Denise J Jones
75%
Nas Nasir bin Olu Dara J Jones
75%
The Childish Gambino Donald McKinley G Glover
63%
Melle Mel Melvin G Glover
63%
Drake Aubrey Drake G Graham
63%
Jack Harlow Jackman Thomas H Harlow
63%
Biggie Christopher Latore W Wallace
63%
Kanye West Kanye Omari W West
63%
BabyTron James Edward J Johnson
50%
Joyner Lucas Gary Maurice L Lucas
50%
Post Malone Austin Richard P Post
50%
Tupac Tupac Amaru S Shakur
50%
Chance the Rapper Chancelor Johnathan B Bennett
38%
King Von Dayvon Daquan B Bennett
38%
Gucci Mane Radric Delantis D Davis
38%
Kendrick Lamar Kendrick Lamar D Duckworth
38%
Juice WRLD Jarad Anthony H Higgins
38%
XXXTentacion Jahseh Dwayne Ricardo O Onfroy
38%
Method Man Clifford S Smith
38%
Lil Jon Jonathan Mortimer S Smith
38%
Yeat Noah Oliver S Smith
38%
Busta Rhymes Trevor George S Smith
38%
Vanilla Ice Robert Matthew VW Van Winkle
38%
Young Thug Jeffery Lamar W Williams
38%
Ja Rule Jeffrey Bruce A Atkins
25%
Snoop Dogg Calvin Cordezar B Broadus
25%
MF Doom Daniel D Dumile
25%
DJ Khalhed Khaled Mohammed K Khaled
25%
Nicki Minaj Onika Tanya M Maraj
25%
Travis Scott Jacques Berman W Webster
25%
Eazy-E Eric Lynn W Wright
25%
Dr. Dre André Romell Y Young
25%
Big Sean Sean Michael Leonard A Anderson
13%
André 3000 André Benjamin B Benjamin
13%
Ludacris Christopher Brian B Bridges
13%
Future Navyadish DeMun C Cash
13%
Ghostface Killah Dennis David C Coles
13%
Lil Mabu Matthew Peter DL DeLuca
13%
StaySolidRocky Darak Kings F Figueroa
13%
Lil Pump Gazzy Fabio G García
13%
Rakim William Michael G Griffin
13%
Nate Dogg Nathaniel Dwayne H Hale
13%
TI Christopher Joseph H Harris
13%
Lil Nas X Montero Lamar H Hill
13%
Coolio Artis Leon I Ivey
13%
DaBaby Johnathan Lyndale K Kirk
13%
Fetty Wap Willy Junior M Maxwell
13%
A$AP Rocky Rakim Athelaston M Mayers
13%
Lil Yachty Miles Parks MC McCollum
13%
Redman Reginald N Noble
13%
Big Pun Christopher Lee R Rios
13%
JID Destin Choice R Route
13%
DMX Earl S Simmons
13%
E-40 Earl Tywone S Stevens
13%
Pusha T Terrence LeVarr T Thornton
13%
Lil Uzi Vert Symere Bysil W Woods
13%
Lil Durk Durk Devontay B Banks
0%
MC Hammer Stanley Kirk B Burrell
0%
Fat Joe Joseph Antonio C Cartagena
0%
Flo Rida Tramar Lacel D Dillard
0%
A Boogie Wit Da Hoodie Artis Julius D Dubose
0%
Lil Mosey Lathan Moses Stanley E Echols
0%
NBA YoungBoy Kentrell DeSean G Gaulden
0%
Xzibit Alvin Nathaniel J Joiner
0%
Kodak Black Bill Kahan K Khapri
0%
Gunna Sergio Giavanni K Kitchens
0%
Ice-T Tracy Lauren M Marrow
0%
Lil Tjay Tione Jayden M Merritt
0%
Tyler, the Creator Tyler Gregory O Okonma
0%
Megan thee Stallion Megan Jovon Ruth P Pete
0%
NLE Choppa Bryson Lashun P Potts
0%
Lil Loaded Dashawn Maurice R Robertson
0%
No matching quizzes found
Score Distribution
Percent of People with Each Score
Percentile by Number Answered
Your Score History
You have not taken this quiz